000 00560nam a2200205Ia 4500
005 20221124113532.0
008 131103s9999 xx 000 0 und d
040 _aLoreto College
041 _aEnglish
082 _a954.01
_bTHA
100 _aThapar,Romila
245 _aAsoka and the decline of the Mauryas
_cRomila Thapar
250 _a2nd ed.
260 _aBombay
_bOxford University Press
_c1961
300 _axi,285 p.
_b plates,maps
504 _aIncludes index,bibliography
650 _aHistory - Ancient India
850 _aLCLIB
942 _cBK
999 _c9356
_d59835